[Event "World op 44th"]
[Site "Philadelphia"]
[Date "2016.07.03"]
[Round "6"]
[White "Xu, Runya"]
[Black "Chase, Christopher"]
[Result "0-1"]
[WhiteElo "2023"]
[BlackElo "2282"]
[PlyCount "98"]
[EventDate "2016.06.30"]
[EventType "swiss"]
[EventRounds "9"]
[EventCountry "USA"]
[SourceTitle "CBM 173 Extra"]
[Source "ChessBase"]
[SourceDate "2016.08.29"]
[SourceVersion "1"]
[SourceVersionDate "2016.08.29"]
[SourceQuality "1"]

1. e4 g6 2. d4 Bg7 3. Nf3 d6 4. Nc3 a6 5. a4 b6 6. Be3 Bb7 7. Bd3 e6 8. 0-0 Ne7 9. Qd2 h6 10. Ne2 Nd7 11. c3 Nf6 12. Qc2 0-0 13. Nd2 Ng4 14. Bf4 e5 15. Bg3 exd4 16. cxd4 Nc6 17. h3 Nf6 18. Qb3 Nh5 19. d5 Nxg3 20. Nxg3 Nd4 21. Qd1 c6 22. Bc4 b5 23. dxc6 Bxc6 24. Bd5 Bxd5 25. exd5 Qg5 26. Nb3 Qxd5 27. Nxd4 Qxd4 28. Qxd4 Bxd4 29. Rfd1 Be5 30. Ne4 Rfd8 31. Rd5 f5 32. Nd2 Rab8 33. axb5 Rxb5 34. Rxb5 axb5 35. Nf3 Bf6 36. Kf1 b4 37. Ra4 Rb8 38. b3 Bc3 39. Ke2 Kf7 40. Kd3 Rb5 41. Ra7+ Kf6 42. Rh7 Ra5 43. Rxh6 Ra2 44. Ke3 Rb2 45. Rh7 Rxb3 46. Nd2 Rb2 47. Nc4 Rb1 48. Kd3 Rd1+ 49. Kc2 Rf1 0-1

[Event "World op 44th"]
[Site "Philadelphia"]
[Date "2016.07.02"]
[Round "4"]
[White "Xu, Runya"]
[Black "Kretchetov, Alexandre"]
[Result "1/2-1/2"]
[WhiteElo "2023"]
[BlackElo "2246"]
[PlyCount "56"]
[EventDate "2016.06.30"]
[EventType "swiss"]
[EventRounds "9"]
[EventCountry "USA"]
[SourceTitle "CBM 173 Extra"]
[Source "ChessBase"]
[SourceDate "2016.08.29"]
[SourceVersion "1"]
[SourceVersionDate "2016.08.29"]
[SourceQuality "1"]

1. e4 c6 2. d4 g6 3. Nf3 d5 4. exd5 cxd5 5. Bd3 Bg7 6. 0-0 Nc6 7. c3 Nh6 8. Re1 0-0 9. Bf4 a6 10. Nbd2 Bf5 11. Nf1 Rc8 12. Ne3 Bxd3 13. Qxd3 e6 14. Ne5 Ne7 15. N5g4 Nhf5 16. Nxf5 Nxf5 17. Be5 f6 18. Bf4 Qd7 19. Re2 Rc6 20. Rae1 b5 21. a3 Re8 22. Qh3 a5 23. Ne3 Nxe3 24. Rxe3 b4 25. axb4 axb4 26. Bh6 bxc3 27. bxc3 Bh8 28. Bf4 Bg7 1/2-1/2

[Event "Philadelphia op 10th"]
[Site "Philadelphia"]
[Date "2016.03.25"]
[Round "4"]
[White "Santarius, Erik F"]
[Black "Xu, Runya"]
[Result "1-0"]
[WhiteElo "2343"]
[BlackElo "1981"]
[PlyCount "117"]
[EventDate "2016.03.23"]
[EventType "swiss"]
[EventRounds "9"]
[EventCountry "USA"]
[SourceTitle "CBM 171 Extra"]
[Source "ChessBase"]
[SourceDate "2016.04.26"]
[SourceVersion "1"]
[SourceVersionDate "2016.04.26"]
[SourceQuality "1"]

1. d4 Nf6 2. Nf3 d5 3. c4 e6 4. Nc3 Be7 5. Bg5 0-0 6. Qc2 Nbd7 7. e3 h6 8. Bh4 c6 9. 0-0-0 dxc4 10. Bxc4 b5 11. Bb3 Nd5 12. Nxd5 cxd5 13. Bxe7 Qxe7 14. Kb1 Ba6 15. Qc7 Qd8 16. Rc1 Nb6 17. Qxd8 Rfxd8 18. Ne5 Nc4 19. Nd3 Rac8 20. Nc5 Rd6 21. Bc2 b4 22. a4 bxa3 23. b3 Rb8 24. Ka2 Na5 25. Kxa3 Kf8 26. Ra1 Nb7 27. Kb2 Nxc5 28. dxc5 Rc6 29. Ra5 Bb5 30. b4 Rc7 31. Kc3 Rcb7 32. Rha1 a6 33. Rb1 Ke7 34. Ba4 Be2 35. f4 g6 36. Bc6 Rc7 37. Ba4 Rcb7 38. Rb2 Bf1 39. Rf2 Bc4 40. Rb2 Bf1 41. g3 h5 42. Bc6 Rc7 43. Ba4 Rcb7 44. Bd1 Bb5 45. Bf3 Bf1 46. Ra1 Bb5 47. e4 dxe4 48. Bxe4 Rd7 49. Rd2 Rxd2 50. Kxd2 h4 51. Kc3 Rd8 52. Bc2 hxg3 53. hxg3 Rh8 54. Bd3 Rh3 55. Bxb5 axb5 56. Ra7+ Ke8 57. c6 Rxg3+ 58. Kd4 g5 59. Ra8+ 1-0